Engineering fluid mechanics / (Record no. 12168)
[ view plain ]
| 000 -LEADER | |
|---|---|
| fixed length control field | 00522cam a2200193ua 4500 |
| 020 ## - INTERNATIONAL STANDARD BOOK NUMBER | |
| ISBN | 9788173194474 |
| 041 ## - LANGUAGE CODE | |
| Language code of text/sound track or separate title | eng |
| 082 ## - DEWEY DECIMAL CLASSIFICATION NUMBER | |
| Classification number | 620.106 |
| Item number | ASW/EN |
| 100 ## - MAIN ENTRY--AUTHOR NAME | |
| Personal name | Aswatha Narayana, P.A . |
| 245 ## - TITLE STATEMENT | |
| Title | Engineering fluid mechanics / |
| 260 ## - PUBLICATION, DISTRIBUTION, ETC. (IMPRINT) | |
| Place of publication | New Delhi : |
| Name of publisher | Narosa Publishing House , |
| Year of publication | 2004. |
| 300 ## - PHYSICAL DESCRIPTION | |
| Number of Pages | 582 ; . |
| 500 ## - GENERAL NOTE | |
| General note | 20876-Scheme |
| 700 1# - ADDED ENTRY--PERSONAL NAME | |
| Personal name | Seetharamu, K.N . |
| 942 ## - ADDED ENTRY ELEMENTS (KOHA) | |
| Koha item type | Books |
| Withdrawn status | Lost status | Damaged status | Home library | Current library | Date acquired | Full call number | Accession Number | Koha item type |
|---|---|---|---|---|---|---|---|---|
| KAUAET | 07/04/2012 | 620.106 | 20876 | Books |
